Idioma
English
Deutsch
Español
Français
Italiano
日本語
Nederlands
Português
Português (Brasil)
中文(简体)
中文(繁體)
Türkçe
עברית
Gaeilge
Cymraeg
Ελληνικά
Català
Euskara
Русский
Čeština
Suomi
Svenska
polski
Dansk
slovenščina
اللغة العربية
বাংলা
Galego
Tiếng Việt
Hrvatski
हिंदी
Հայերէն
Українська
Todos os campos
Title
Autor
Subject
ISBN/ISSN
Tag
Identificador
Buscar
Avanzado
Т. 6, вып. 1; Теория вероятнос...
Citar
Text this
Enviar este rexistro por email
Imprimir
Exportar rexistro
Exportar a RefWorks
Exportar a EndNoteWeb
Exportar a EndNote
Permanent link
Esportazione completata correttamente —
Т. 6, вып. 1; Теория вероятностей и ее применения
Detalles Bibliográficos
Parent link:
Теория вероятностей и ее применения: научный журнал/ Академия наук СССР (АН СССР). Т. 6, вып. 1.— , 1957-.— 0040-361X
Idioma:
ruso
Publicado:
1961
Formato:
MixedMaterials
Libro
KOHA link:
https://koha.lib.tpu.ru/cgi-bin/koha/opac-detail.pl?biblionumber=525422
Existencias
Descripción
Títulos similares
Staff View
MARC
LEADER
00000nam2a2200000 4500
001
525422
005
20231101111429.0
035
|a
(RuTPU)RU\TPU\prd\207939
035
|a
RU\TPU\prd\207935
090
|a
525422
100
|a
20131211a19619999k y0rusy50 ca
101
0
|a
rus
102
|a
RU
200
0
|a
Т. 6, вып. 1
210
|d
1961
461
1
|0
(RuTPU)RU\TPU\prd\1732
|x
0040-361X
|t
Теория вероятностей и ее применения
|o
научный журнал
|f
Академия наук СССР (АН СССР)
|v
Т. 6, вып. 1
|d
1957-
801
0
|a
RU
|b
63413507
|c
20010227
|g
PSBO
801
1
|a
RU
|b
63413507
|c
20130903
801
2
|a
RU
|b
63413507
|c
20131211
|g
RCR
942
|c
BK
999
|a
НТБ_ТПУ
|b
НФ
|e
-4/20130109
|p
П-6218
|u
0,00
|v
1
|x
21129
Títulos similares
Т. 6, вып. 2; Теория вероятностей и ее применения
Publicado: (1961)
Т. 6, вып. 3; Теория вероятностей и ее применения
Publicado: (1961)
Т. 6, вып. 4; Теория вероятностей и ее применения
Publicado: (1961)
Т. 55, вып. 1; Теория вероятностей и ее применения
Publicado: (2010)
Т. 59, вып. 1; Теория вероятностей и ее применения
Publicado: (2014)